LOC Classification - G - Statistics

General Stats
  • This quiz has been taken 4 times
  • The average score is 5 of 10
Answer Stats
Subclass Answer % Correct
GN Anthropology
100%
GR Folklore
100%
G Geography (General) Atlases. Maps.
100%
GV Recreation. Leisure.
100%
GA Mathematical geography. Cartography.
50%
GC Oceanography
50%
GE Environmental sciences
0%
GF Human ecology. Anthropogeography.
0%
GT Manners and customs (General)
0%
GB Physical geography
0%
No matching quizzes found
Score Distribution
Percent of People with Each Score
Percentile by Number Answered
Your Score History
You have not taken this quiz